Derecho privado romano
Guardado en:
| Autor principal: | |
|---|---|
| Formato: | Libro |
| Lenguaje: | español |
| Publicado: |
Valencia
Tirant lo Blanch
1999
|
| Materias: | |
| Etiquetas: |
Agregar Etiqueta
Sin Etiquetas, Sea el primero en etiquetar este registro!
|
MARC
| LEADER | 00000nam a2200000 a 4500 | ||
|---|---|---|---|
| 001 | UCN2815 | ||
| 003 | CL-VaPUC | ||
| 008 | 010608e19990000SP |||||||||||||||||spa|d | ||
| 082 | 0 | 4 | |a 340.54 |b GIM |2 21 |
| 100 | |a Giménez-Candela, Teresa |e author |9 459005 | ||
| 245 | 1 | 0 | |a Derecho privado romano |
| 300 | |a 550 p | ||
| 942 | |c BK | ||
| 945 | |d 20010608 00:00:00 |a vberengu | ||
| 260 | |a Valencia |b Tirant lo Blanch |c 1999 | ||
| 650 | 0 | |a Derecho Romano Historia |9 257631 | |
| 650 | 0 | |a Propiedad |9 255268 | |
| 650 | 0 | |a Acciones |9 334173 | |
| 650 | 7 | |a PROCESO PRIVADO |2 CL-VaPUC |9 459006 | |
| 650 | 0 | |a Herencia |9 256325 | |
| 650 | 0 | |a Familias |9 255641 | |
| 650 | 0 | |a Derecho sucesorio |9 255015 | |
| 650 | 0 | |a Obligaciones |9 255578 | |
| 650 | 0 | |a Acción penal |9 254970 | |
| 650 | 7 | |a PRESTAMOS |2 CL-VaPUC |9 359045 | |
| 650 | 0 | |a Contratos |9 255153 | |
| 583 | |a last modification |c 20010608 00:00:00 |k Rodrigo Vera | ||
| 999 | |c 295846 |d 295844 | ||
| 952 | |0 0 |1 0 |4 0 |6 340_540000000000000_GIM_1999 |7 0 |8 DER_ROM |9 349232 |a BIBDER |b BIBDER |d 2019-11-20 |i 3731553 |l 1 |o 340.54 GIM 1999 |p 3731553 |r 2023-07-10 |s 2023-07-06 |w 2019-11-20 |x Ubicación 4to piso |y BK |z Este recurso debe solicitarse con anticipación |k DER | ||